|
|
|
|
| LEADER |
00889nam a22002412a 4500 |
| 001 |
000918709 |
| 003 |
CZ BrMZK |
| 005 |
20081023223609.0 |
| 007 |
ta |
| 008 |
081023s1936 xr a er|||||||||||cze d |
| 015 |
|
|
|a cnb000795923
|
| 020 |
|
|
|q (Váz.)
|
| 035 |
|
|
|a (OCoLC)85546341
|
| 040 |
|
|
|a ABA001
|b cze
|c BOA001
|d ABA001
|
| 245 |
0 |
0 |
|a Památce Anny Smíškové /
|c z pozůstalosti a vzpomínek sestavil a vydal kruh jejích přátel ; [doslov napsaly a redigovaly A. Kolářová-Císařová, Dr. L. Scholzová]
|
| 260 |
|
|
|a Praha :
|b Kruh přátel A. Smíškové,
|c 1936
|
| 300 |
|
|
|a 165 - [5] s. ;
|c 8°
|
| 700 |
1 |
|
|a Scholzová, L.
|4 wfw
|4 edt
|
| 700 |
1 |
|
|a Císařová-Kolářová, Anna,
|d 1887-1963
|7 jk01061296
|4 wfw
|4 edt
|
| 910 |
|
|
|a BOA001
|b 1-0711.049
|
| 990 |
|
|
|a BK
|
| 991 |
|
|
|b 200810
|
| 996 |
6 |
|
|b 2619529163
|c 1-0711.049
|l MZK
|r Sklad / do 1 hodiny
|n 1
|w 000918709
|u 000010
|a 1
|e BOA001
|j MZK50
|s P
|